000 01318pam a2200337 a 4500
999 _c19343
_d19343
001 2016839
003 ARRUPE
005 20170927122137.0
008 911212r19921976inu b s001 0 eng
010 _a 91046789
020 _a0253311284 (cl)
020 _a0253207363 (pa)
040 _aDLC
_cDLC
_dDLC
043 _an-us---
_af------
_acl-----
050 0 0 _aGR111.A47
_bB37 1992
082 0 0 _a398.2/08996073
_220
100 1 _aBascom, William Russell,
_d1912-
_936418
245 1 0 _aAfrican folktales in the New World /
_cWilliam Bascom.
260 _aBloomington :
_bIndiana University Press,
_cc1992.
300 _axxiv, 243 p. ;
_c25 cm.
440 0 _aFolkloristics
_936419
500 _a"First appeared in Research in African literatures from 1976 to 1982"--Foreword.
504 _aIncludes bibliographical references and index.
650 0 _aAfrican Americans
_xFolklore.
_936387
650 0 _aTales
_zUnited States
_xHistory and criticism.
_936420
650 0 _aTales
_zAfrica
_xHistory and criticism.
_936421
650 0 _aBlacks
_zAmerica
_xFolklore.
_936422
650 0 _aTales
_zAmerica
_xHistory and criticism.
_936423
906 _a7
_bcbc
_corignew
_d1
_eocip
_f19
_gy-gencatlg
942 _2lcc
_cMONOGRAPH